| 000 | 00603nam a2200229 a 4500 | ||
|---|---|---|---|
| 003 | OSt | ||
| 005 | 20140506163201.0 | ||
| 008 | 061120s19uu xx 00 eng d | ||
| 020 | _a9780071251112 | ||
| 050 |
_aHF 5548.32 _b.R393 2005 |
||
| 100 | _aRayport, Jeffrey F. | ||
| 245 |
_aIntroduction to E-Commerce / _cJeffrey F. Rayport |
||
| 250 | _a2nd ed. | ||
| 260 |
_aU.S.A : _bMcGraw-Hill, _cc2005. |
||
| 300 |
_a516 p. : _bill. ; _c25 cm. |
||
| 521 | _aBSBA | ||
| 650 | _aElectronic commerce. | ||
| 700 | _aJaworski, Bernard J. | ||
| 942 |
_cBK _2lcc _kFOR |
||
| 999 |
_c21775 _d21775 |
||